Differences Between the Strategies of the Two Leading Tobacco Companies Operated in the Czech Republic

Analýza štruktúry tabakového priemyslu v Českej republike a stratégie dvoch hlavných konkurentov v tomto priemysle. Analyzované spoločnosti Philip Morris CR, Inc. a British American Tobacco Czech Republic, Ltd. Charakteristika tabakového priemyslu vrátane opisu základných vonkajších faktorov ovplyvň...

Descripción completa

Guardado en:
Detalles Bibliográficos
Autor principal: Jelínková, Lucie
Formato: Capítulo de libro
Lenguaje:inglés
Materias:
Etiquetas: Agregar Etiqueta
Sin Etiquetas, Sea el primero en etiquetar este registro!

MARC

LEADER 00000naa a2200000 4500
001 0258073
005 20240208110049.4
041 0 |a eng 
044 |a SK 
245 1 0 |a Differences Between the Strategies of the Two Leading Tobacco Companies Operated in the Czech Republic  |c Lucie Jelínková 
520 |a Analýza štruktúry tabakového priemyslu v Českej republike a stratégie dvoch hlavných konkurentov v tomto priemysle. Analyzované spoločnosti Philip Morris CR, Inc. a British American Tobacco Czech Republic, Ltd. Charakteristika tabakového priemyslu vrátane opisu základných vonkajších faktorov ovplyvňujúcich spoločnosti v tomto sektore, ako sú charakter odvetvia, konkurenti, ich podiely na trhu a pod. 
610 2 0 |a priemysel tabakový 
610 2 0 |a stratégia marketingová 
610 2 0 |a stratégia obchodná 
610 2 0 |a stratégia podnikateľská 
610 2 0 |a konkurencia trhová 
610 2 0 |a konkurencieschopnosť 
610 2 0 |a podnik 
100 1 |a Jelínková, Lucie